| 000 | 00909nas a2200313 4500 | ||
|---|---|---|---|
| 001 | BR0302351 | ||
| 003 | BR-BrBNA | ||
| 005 | 20231205103755.0 | ||
| 007 | ta | ||
| 008 | 230509b bl.|||p| |||| 00| 00por d | ||
| 040 |
_aBR-BrBNA _bpor _cBiblioteca Nacional de Agricultura |
||
| 041 | _a(En) | ||
| 072 | _aF30; H20 | ||
| 100 | 1 | _aPrabhu, A.S. | |
| 100 | 1 | _aCastro, E. da N. de | |
| 100 | 1 | _aAraújo, L.G. de | |
| 100 | 1 | _aBerni, R.F. | |
| 245 | 1 | _aResistance spectra of six elite breeding lines of upland rice to Pyricularia grisea | |
| 650 | _aARROZ | ||
| 650 | _aBRUSONE | ||
| 650 | _aINOCULAÇÃO | ||
| 650 | _aVARIEDADE RESISTENTE | ||
| 650 | _aESTUFA | ||
| 650 | _aLINHAGEM | ||
| 650 | _aFOLHA | ||
| 773 | 0 |
_tPesquisa Agropecuária Brasileira (Brazil) _xISSN 0100-204X _g(Feb 2003), v. 38(2) p. 203-210 _wBR0302351 |
|
| 909 |
_a202311 _bLúcia _c55 _dLúcia Elande |
||
| 942 |
_2AGRIS _n0 _cANA |
||
| 999 |
_c174657 _d174657 |
||